[Event "Winnipeg Woodbury Memorial"]
[Site "Winnipeg"]
[Date "2018.12.18"]
[Round "7.15"]
[White "Flynn, Darren"]
[Black "Gannon, Keith"]
[Result "1-0"]
[WhiteElo "1326"]
[BlackElo "1514"]
[PlyCount "53"]
[EventDate "2018.11.06"]
[EventType "swiss"]
[EventRounds "7"]
[EventCountry "CAN"]
[SourceTitle "EXT 2022"]
[Source "ChessBase"]
[SourceDate "2021.10.06"]
[SourceVersion "1"]
[SourceVersionDate "2021.10.06"]
[SourceQuality "1"]

1. e4 e5 2. f4 d6 3. Nf3 Nc6 4. Bb5 exf4 5. d4 Bd7 6. Bxf4 a6 7. Bc4 Be7 8. 0-0 Nf6 9. e5 dxe5 10. dxe5 Nh5 11. Ng5 Nxf4 12. Nxf7 Bc5+ 13. Kh1 Qe7 14. Nxh8 Ne6 15. Qh5+ g6 16. Nxg6 hxg6 17. Qh8+ Nf8 18. Bf7+ Kd8 19. Bxg6 Kc8 20. Nc3 Be6 21. Rad1 Kb8 22. Nd5 Bxd5 23. Rxd5 Nb4 24. Rxc5 Qxc5 25. Rxf8+ Qxf8 26. Qxf8+ Ka7 27. Qxb4 1-0

[Event "Winnipeg TNT October op"]
[Site "Winnipeg"]
[Date "2018.10.02"]
[Round "1.6"]
[White "Flynn, Darren"]
[Black "Atem, James"]
[Result "0-1"]
[WhiteElo "1352"]
[BlackElo "1793"]
[PlyCount "98"]
[EventDate "2018.10.02"]
[EventType "swiss"]
[EventRounds "5"]
[EventCountry "CAN"]
[SourceTitle "EXT 2022"]
[Source "ChessBase"]
[SourceDate "2021.10.06"]
[SourceVersion "1"]
[SourceVersionDate "2021.10.06"]
[SourceQuality "1"]

1. e4 c5 2. Nf3 Nc6 3. d4 d6 4. dxc5 Qa5+ 5. Nc3 dxc5 6. Bb5 Bg4 7. 0-0 a6 8. Bxc6+ bxc6 9. h3 Rd8 10. Qe2 Bxf3 11. Qxf3 e5 12. Rd1 Be7 13. Bd2 Qc7 14. Be3 Nf6 15. Na4 Nd7 16. Rd2 0-0 17. Rad1 Nb6 18. Nxc5 Rxd2 19. Rxd2 Nc4 20. Rd7 Qa5 21. Rxe7 Qe1+ 22. Kh2 Nxe3 23. Qxe3 Qb4 24. Rxe5 Qxb2 25. Nd7 h6 26. Nxf8 Qxe5+ 27. Kg1 Kxf8 28. Qa3+ Kg8 29. Qxa6 Qxe4 30. Qd3 Qe1+ 31. Kh2 Qxf2 32. a4 Qf4+ 33. Qg3 Qxa4 34. Qb8+ Kh7 35. Qb3 Qxb3 36. cxb3 Kg6 37. Kg3 Kf5 38. Kf3 h5 39. g4+ hxg4+ 40. hxg4+ Ke5 41. Ke3 g5 42. Kd3 Kf4 43. Kc4 Kxg4 44. Kc5 Kf3 45. Kxc6 g4 46. b4 g3 47. b5 g2 48. b6 g1Q 49. b7 Qg3 0-1

[Event "Winnipeg TNT February op"]
[Site "Winnipeg"]
[Date "2018.02.20"]
[Round "3.5"]
[White "Flynn, Darren"]
[Black "Furda, Evheniya Diana"]
[Result "1/2-1/2"]
[WhiteElo "1337"]
[BlackElo "1528"]
[PlyCount "60"]
[EventDate "2018.02.06"]
[EventType "swiss"]
[EventRounds "4"]
[EventCountry "CAN"]
[SourceTitle "EXT 2022"]
[Source "ChessBase"]
[SourceDate "2021.10.06"]
[SourceVersion "1"]
[SourceVersionDate "2021.10.06"]
[SourceQuality "1"]

1. e4 e5 2. Nf3 Nc6 3. Bc4 Nf6 4. Nc3 Nxe4 5. 0-0 Nxc3 6. dxc3 d6 7. Ng5 Be6 8. Nxe6 fxe6 9. Qh5+ g6 10. Qg4 Ne7 11. Bg5 d5 12. Rad1 Qd7 13. Bf6 Rg8 14. Bxe5 0-0-0 15. Bf6 Qc6 16. Bb3 Re8 17. Ba4 b5 18. Bb3 Nf5 19. a4 a6 20. axb5 axb5 21. Qf3 Bg7 22. Bg5 h6 23. Be3 Nxe3 24. Qxe3 Kb7 25. Ra1 Ra8 26. h3 Qb6 27. Qf3 Rgf8 28. Bxd5+ exd5 29. Qxd5+ Qc6 30. Qb3 g5 1/2-1/2

[Event "Winnipeg TNT February op"]
[Site "Winnipeg"]
[Date "2018.02.06"]
[Round "1.8"]
[White "Flynn, Darren"]
[Black "Patel, Aalekh"]
[Result "0-1"]
[WhiteElo "1628"]
[BlackElo "1337"]
[PlyCount "62"]
[EventDate "2018.02.06"]
[EventType "swiss"]
[EventRounds "4"]
[EventCountry "CAN"]
[SourceTitle "EXT 2022"]
[Source "ChessBase"]
[SourceDate "2021.10.06"]
[SourceVersion "1"]
[SourceVersionDate "2021.10.06"]
[SourceQuality "1"]

1. d4 Nf6 2. c4 g6 3. Nf3 Bg7 4. Nc3 d6 5. e3 0-0 6. Bd3 Nbd7 7. 0-0 Re8 8. b4 e5 9. dxe5 Nxe5 10. Nxe5 dxe5 11. Ne4 Nxe4 12. Bxe4 Qe7 13. Rb1 c6 14. h3 f5 15. Bf3 Be6 16. Be2 Rad8 17. Qb3 b5 18. Bb2 Rd2 19. Bd3 e4 20. Bc1 Rxd3 21. Qc2 Bxc4 22. Rd1 Red8 23. Bd2 Qd6 24. Rb2 Bxb2 25. Qxb2 Rxd2 26. Rxd2 Qxd2 27. Qf6 Qd1+ 28. Kh2 Qd6+ 29. Kh1 Qxf6 30. f4 exf3 31. gxf3 Rd2 0-1

[Event "Winnipeg TNT May op"]
[Site "Winnipeg"]
[Date "2014.05.06"]
[Round "1"]
[White "Flynn, Darren"]
[Black "Baron, Gustav L"]
[Result "0-1"]
[WhiteElo "1280"]
[BlackElo "1910"]
[PlyCount "102"]
[EventDate "2014.05.06"]
[EventType "swiss"]
[EventRounds "4"]
[EventCountry "CAN"]
[SourceTitle "EXT 2022"]
[Source "ChessBase"]
[SourceDate "2021.10.06"]
[SourceVersion "1"]
[SourceVersionDate "2021.10.06"]
[SourceQuality "1"]

1. e4 c5 2. Nf3 d6 3. d4 cxd4 4. Nxd4 Nf6 5. Nc3 g6 6. f4 a6 7. e5 dxe5 8. fxe5 Ng4 9. Qd2 Nxe5 10. Nf3 Nxf3+ 11. gxf3 Qxd2+ 12. Bxd2 Bg7 13. h4 h5 14. 0-0-0 0-0 15. Bh3 Bxh3 16. Rxh3 Nc6 17. Ne4 Rfd8 18. Ng5 Rac8 19. a3 Ne5 20. f4 Ng4 21. Rc3 Bxc3 22. Bxc3 Rxd1+ 23. Kxd1 Ne3+ 24. Kd2 Nd5 25. Bb4 Nxb4 26. axb4 Rc4 27. c3 Rxf4 28. b3 Rxh4 29. Nf3 Rh1 30. c4 Rf1 31. Nd4 h4 32. Ke2 Rf4 33. Nf3 Rxf3 34. Kxf3 g5 35. Kg4 f5+ 36. Kh3 e5 37. c5 e4 38. Kg2 g4 39. c6 bxc6 40. b5 axb5 41. b4 f4 42. Kf2 g3+ 43. Kg2 f3+ 44. Kf1 h3 45. Kg1 e3 46. Kf1 g2+ 47. Kg1 f2+ 48. Kh2 f1Q 49. Kxh3 g1Q+ 50. Kh4 Qfg2 51. Kh5 Q2h1# 0-1